[Event "Erfurt op Amateurs 29th"]
[Site "Erfurt"]
[Date "2019.12.29"]
[Round "5"]
[White "Ahmadov, Sabir"]
[Black "Knobling, Rolf"]
[Result "1/2-1/2"]
[WhiteElo "1273"]
[BlackElo "1479"]
[PlyCount "60"]
[EventDate "2019.12.27"]
[EventType "swiss"]
[EventRounds "7"]
[EventCountry "GER"]
[SourceTitle "EXT 2021"]
[Source "ChessBase"]
[SourceDate "2020.10.23"]
[SourceVersion "1"]
[SourceVersionDate "2020.10.23"]
[SourceQuality "1"]

1. e4 c5 2. Nc3 d6 3. g3 e6 4. Bg2 Nc6 5. d3 Bd7 6. Nge2 Qb6 7. 0-0 Nf6 8. Rb1 Be7 9. Kh1 e5 10. Bg5 0-0 11. Bxf6 Bxf6 12. Nd5 Qd8 13. f4 Bg4 14. c3 Bxe2 15. Qxe2 exf4 16. gxf4 Re8 17. Qg4 g6 18. Bh3 Bg7 19. Qd7 Qxd7 20. Bxd7 Red8 21. Bxc6 bxc6 22. Ne7+ Kf8 23. Nxc6 Re8 24. f5 Rec8 25. Na5 Rab8 26. fxg6 hxg6 27. Nc4 Rd8 28. Rf2 d5 29. exd5 Rxd5 30. Rbf1 Rb7 1/2-1/2

[Event "Sachsen-Anhalt-ch Seniors 24th"]
[Site "Halberstadt"]
[Date "2016.06.01"]
[Round "4"]
[White "Stummeyer, Dieter"]
[Black "Knobling, Rolf"]
[Result "1-0"]
[WhiteElo "1846"]
[BlackElo "1588"]
[PlyCount "37"]
[EventDate "2016.05.29"]
[EventType "swiss"]
[EventRounds "7"]
[EventCountry "GER"]
[SourceTitle "EXT 2019"]
[Source "ChessBase"]
[SourceDate "2018.10.10"]
[SourceVersion "1"]
[SourceVersionDate "2018.10.10"]
[SourceQuality "1"]

1. e4 c5 2. Nf3 Nc6 3. d4 cxd4 4. Nxd4 d6 5. Nc3 Bd7 6. Be3 g6 7. Be2 Bg7 8. Qd2 Nf6 9. 0-0-0 a6 10. f3 b5 11. g4 0-0 12. g5 Ne8 13. h4 e5 14. Nb3 Be6 15. h5 Bxb3 16. axb3 Qa5 17. Kb1 Rd8 18. hxg6 fxg6 19. Qd5+ 1-0

[Event "Hessen-ch Seniors op 12th"]
[Site "Bad Sooden-Allendorf"]
[Date "2016.05.04"]
[Round "5"]
[White "Zoll, Theobald"]
[Black "Knobling, Rolf"]
[Result "0-1"]
[WhiteElo "1742"]
[BlackElo "1588"]
[PlyCount "118"]
[EventDate "2016.04.30"]
[EventType "swiss"]
[EventRounds "9"]
[EventCountry "GER"]
[SourceTitle "EXT 2019"]
[Source "ChessBase"]
[SourceDate "2018.10.10"]
[SourceVersion "1"]
[SourceVersionDate "2018.10.10"]
[SourceQuality "1"]

1. b3 d5 2. Bb2 Nc6 3. e3 e5 4. Bb5 Bd6 5. Nf3 f6 6. c4 dxc4 7. Bxc6+ bxc6 8. bxc4 Ne7 9. Nc3 0-0 10. 0-0 Rb8 11. Rb1 Be6 12. d3 Ng6 13. Ne4 Be7 14. Qc2 c5 15. Rfd1 c6 16. Ba3 Qa5 17. Bc1 h6 18. Bd2 Qc7 19. Bc3 f5 20. Ned2 Bf6 21. Nb3 Qe7 22. Nfd2 Rfd8 23. Rf1 Qd6 24. Nc1 Rxb1 25. Qxb1 Rb8 26. Qc2 Rb7 27. Ndb3 Bd8 28. Ne2 Bc7 29. g3 Rb8 30. f4 Rd8 31. Nbc1 Rb8 32. Nb3 Qf8 33. fxe5 Bxe5 34. e4 f4 35. Bxe5 Nxe5 36. Nxf4 Bf7 37. Qc3 Re8 38. Qa5 Qd6 39. Nxc5 g5 40. Ne2 Nxd3 41. Rd1 Qxc5+ 42. Qxc5 Nxc5 43. Nc3 Bxc4 44. Re1 Bd3 45. e5 Ne6 46. Re3 Bb5 47. Ne4 Kh8 48. Rf3 Kg7 49. Rf6 Nd4 50. e6 Rxe6 51. Rxe6 Nxe6 52. Kf2 Kg6 53. g4 a5 54. Nc3 Kf6 55. Ke3 Ke5 56. Nb1 Nf4 57. Nd2 Nd5+ 58. Kf2 Nc3 59. a3 Nd1+ 0-1

[Event "GER-chB Seniors 27th"]
[Site "Magdeburg"]
[Date "2015.08.20"]
[Round "6"]
[White "Knobling, Rolf"]
[Black "Walther, Renate"]
[Result "1-0"]
[WhiteElo "1576"]
[BlackElo "1207"]
[PlyCount "85"]
[EventDate "2015.08.15"]
[EventType "swiss"]
[EventRounds "9"]
[EventCountry "GER"]
[SourceTitle "EXT 2018"]
[Source "ChessBase"]
[SourceDate "2017.10.13"]
[SourceVersion "1"]
[SourceVersionDate "2017.10.13"]
[SourceQuality "1"]

1. e4 e5 2. f4 d5 3. exd5 e4 4. Bc4 Nf6 5. Nc3 Bb4 6. Nge2 0-0 7. a3 Bc5 8. b4 Bb6 9. Na4 Nbd7 10. Nxb6 Nxb6 11. Bb3 Bd7 12. c4 c6 13. d6 Be6 14. c5 Nbd5 15. 0-0 Qd7 16. Bb2 b6 17. Ng3 Bf5 18. Nh5 Bg4 19. Nxf6+ Nxf6 20. Qe1 Qf5 21. Bxf6 gxf6 22. Qg3 Kh8 23. Qe3 Rg8 24. Kh1 Rg7 25. cxb6 axb6 26. Qxb6 Qd7 27. Qc7 Qxc7 28. dxc7 f5 29. Rfc1 f6 30. Rxc6 Rc8 31. Be6 Rcxc7 32. Rac1 Rxc6 33. Rxc6 Re7 34. b5 Bh5 35. b6 Be8 36. Rd6 Bb5 37. Kg1 Ba6 38. Kf2 Bb7 39. Ke3 h6 40. Bxf5 Kg7 41. Rd7 Kf7 42. Rxe7+ Kxe7 43. Bxe4 1-0

[Event "GER-chB Seniors 27th"]
[Site "Magdeburg"]
[Date "2015.08.19"]
[Round "5"]
[White "Geibel, Henning"]
[Black "Knobling, Rolf"]
[Result "1/2-1/2"]
[WhiteElo "1476"]
[BlackElo "1576"]
[PlyCount "75"]
[EventDate "2015.08.15"]
[EventType "swiss"]
[EventRounds "9"]
[EventCountry "GER"]
[SourceTitle "EXT 2018"]
[Source "ChessBase"]
[SourceDate "2017.10.13"]
[SourceVersion "1"]
[SourceVersionDate "2017.10.13"]
[SourceQuality "1"]

1. e4 c5 2. Nf3 Nc6 3. Bc4 e6 4. 0-0 d6 5. d3 a6 6. Re1 b5 7. Bb3 Be7 8. c4 Bf6 9. a3 Nge7 10. cxb5 axb5 11. Qe2 0-0 12. Bg5 Bxg5 13. Nxg5 Nd4 14. Qd1 Ng6 15. Nf3 Qf6 16. Nxd4 Qxd4 17. Qd2 Ne5 18. Re3 Bd7 19. Qc3 Nc6 20. Qxd4 Nxd4 21. Bd1 Ra7 22. e5 h5 23. Nd2 Rfa8 24. Nf3 Nf5 25. Re1 b4 26. a4 Bxa4 27. g4 Nd4 28. Nxd4 cxd4 29. b3 Bb5 30. Rxa7 Rxa7 31. Be2 Rc7 32. Ra1 g6 33. Ra8+ Kg7 34. Rb8 Ba6 35. Rxb4 Rc3 36. Rxd4 Rxb3 37. f4 Rb2 38. Kf2 1/2-1/2

[Event "Hessen-ch Seniors op 10th"]
[Site "Bad Sooden-Allendorf"]
[Date "2014.05.04"]
[Round "9"]
[White "Nols, Uwe"]
[Black "Knobling, Rolf"]
[Result "0-1"]
[WhiteElo "1544"]
[BlackElo "1636"]
[PlyCount "60"]
[EventDate "2014.04.26"]
[EventType "swiss"]
[EventRounds "9"]
[EventCountry "GER"]
[SourceTitle "EXT 2018"]
[Source "ChessBase"]
[SourceDate "2017.10.13"]
[SourceVersion "1"]
[SourceVersionDate "2017.10.13"]
[SourceQuality "1"]

1. e4 c5 2. Nc3 Nc6 3. Bc4 e6 4. Nf3 a6 5. a3 b5 6. Bb3 c4 7. Ba2 Bb7 8. d3 d5 9. exd5 exd5 10. 0-0 Be7 11. Re1 Nf6 12. b3 cxd3 13. cxd3 0-0 14. b4 d4 15. Ne2 Ne8 16. Bb2 Bf6 17. Rb1 Nc7 18. Nf4 Qd6 19. Bc1 h6 20. Nh5 Nd5 21. Bxd5 Qxd5 22. Nxf6+ gxf6 23. Bxh6 Rfe8 24. Nh4 Ne5 25. Re4 Qd7 26. Rg4+ Qxg4 27. Qxg4+ Nxg4 28. Bf4 Ne5 29. Nf5 Rad8 30. Rc1 Nxd3 0-1

[Event "Erfurt AT op 23rd"]
[Site "Erfurt"]
[Date "2013.12.27"]
[Round "2.3"]
[White "Schulz, Wolfgang2222"]
[Black "Knobling, Rolf"]
[Result "1-0"]
[WhiteElo "1683"]
[BlackElo "1636"]
[PlyCount "81"]
[EventDate "2013.12.27"]
[EventType "swiss"]
[EventRounds "7"]
[EventCountry "GER"]
[SourceTitle "EXT 2024"]
[Source "ChessBase"]
[SourceDate "2023.10.10"]
[SourceVersion "1"]
[SourceVersionDate "2023.10.10"]
[SourceQuality "1"]

1. e4 c5 2. Nf3 Nc6 3. d4 cxd4 4. Nxd4 d6 5. g3 Bd7 6. Bg2 Rc8 7. 0-0 g6 8. Be3 Bg7 9. c3 Nf6 10. Qb3 b6 11. Nd2 0-0 12. Rfe1 Ng4 13. Rac1 Nxe3 14. fxe3 Ne5 15. Qc2 Qc7 16. N2f3 b5 17. a3 a6 18. Ne2 Ng4 19. Nf4 Be6 20. Nd4 Qd7 21. Ndxe6 fxe6 22. Bh3 e5 23. Nd5 Rce8 24. Qe2 h5 25. c4 bxc4 26. Qxc4 Qa7 27. Bxg4 hxg4 28. Nc7+ Kh7 29. Nxe8 Rxe8 30. Qc7 Qxc7 31. Rxc7 Bf6 32. Kf2 Ra8 33. Rec1 a5 34. b4 axb4 35. axb4 Ra2+ 36. R1c2 Ra3 37. Ke2 Bg5 38. R7c3 Ra7 39. b5 Rb7 40. Rb3 Kg7 41. b6 1-0

[Event "Hessen-ch Seniors op 09th"]
[Site "Bad Sooden-Allendorf"]
[Date "2013.04.23"]
[Round "4"]
[White "Knobling, Rolf"]
[Black "Wiebke, Elfriede"]
[Result "1-0"]
[WhiteElo "1632"]
[BlackElo "1395"]
[PlyCount "43"]
[EventDate "2013.04.20"]
[EventType "swiss"]
[EventRounds "9"]
[EventCountry "GER"]
[SourceTitle "EXT 2019"]
[Source "ChessBase"]
[SourceDate "2018.10.10"]
[SourceVersion "1"]
[SourceVersionDate "2018.10.10"]
[SourceQuality "1"]

1. e4 e5 2. f4 d6 3. Nf3 Bg4 4. Be2 Bxf3 5. Bxf3 exf4 6. 0-0 Nc6 7. d4 Nf6 8. Nc3 a6 9. Bxf4 Be7 10. Re1 0-0 11. e5 dxe5 12. Bxe5 Bb4 13. Bxc6 bxc6 14. Rf1 Be7 15. Qf3 Nd5 16. Qg3 g6 17. Nxd5 cxd5 18. Bxc7 Qe8 19. Bf4 Kh8 20. Bh6 Rg8 21. Rae1 f5 22. Qe5+ 1-0

[Event "Liberec op 11th"]
[Site "Liberec"]
[Date "2010.10.27"]
[Round "5"]
[White "Von Keyserlingk, Chanda"]
[Black "Knobling, Rolf"]
[Result "0-1"]
[WhiteElo "1789"]
[BlackElo "1627"]
[PlyCount "134"]
[EventDate "2010.10.23"]
[EventType "swiss"]
[EventRounds "9"]
[EventCountry "CZE"]
[SourceTitle "EXT 2011"]
[Source "ChessBase"]
[SourceDate "2010.11.26"]
[SourceVersion "1"]
[SourceVersionDate "2010.11.26"]
[SourceQuality "1"]

1. d4 d5 2. c4 e6 3. Nc3 Nf6 4. e3 Nbd7 5. Nf3 b6 6. Bd3 dxc4 7. Bxc4 c6 8. 0-0 Be7 9. e4 0-0 10. e5 Nd5 11. Ne4 Nb8 12. a3 b5 13. Bd3 f5 14. Nc5 a5 15. Bd2 Na6 16. Rc1 Nxc5 17. dxc5 Nc7 18. Qe2 Na6 19. b4 a4 20. Bc3 Nc7 21. Rcd1 Nd5 22. Qe1 Qe8 23. Nd4 h6 24. f4 Ra6 25. Bb2 g5 26. Bc1 Qg6 27. Nxc6 Rxc6 28. Bxb5 Rc7 29. Bxa4 Ra7 30. Bb3 Bb7 31. Bxd5 Bxd5 32. Qg3 Qh5 33. Rd3 Qg4 34. Qxg4 fxg4 35. f5 Bc4 36. f6 Bxd3 37. Rd1 Bxf6 38. exf6 Bc4 39. Bb2 Bd5 40. Rc1 Rc8 41. Kf2 Rb7 42. Bd4 Kf7 43. g3 Rc6 44. Rc2 Ra6 45. Rc3 Rb8 46. Be5 Rba8 47. b5 Rxa3 48. c6 Rxc3 49. Bxc3 Rb8 50. c7 Rc8 51. Be5 h5 52. b6 h4 53. Kg1 Bb7 54. Bd4 Ra8 55. Be5 Ra5 56. Bc3 Rb5 57. Bd4 e5 58. Be3 Kxf6 59. Kf1 Rb1+ 60. Kf2 Rb2+ 61. Kf1 Rxh2 62. Bf2 hxg3 63. Bxg3 Rb2 64. Bf2 Kf5 65. Ke1 g3 66. Bxg3 Rxb6 67. Bf2 Rc6 0-1

[Event "Liberec op 10th"]
[Site "Liberec"]
[Date "2009.10.26"]
[Round "3"]
[White "Knobling, Rolf"]
[Black "Skokan, Frantisek"]
[Result "0-1"]
[WhiteElo "1684"]
[BlackElo "1853"]
[PlyCount "64"]
[EventDate "2009.10.24"]
[EventType "swiss"]
[EventRounds "9"]
[EventCountry "CZE"]
[SourceTitle "EXT 2010"]
[Source "ChessBase"]
[SourceDate "2010.11.25"]
[SourceVersion "1"]
[SourceVersionDate "2010.11.25"]
[SourceQuality "1"]

1. e4 c5 2. Nf3 d6 3. d4 cxd4 4. Nxd4 Nf6 5. f3 a6 6. a3 e6 7. Be3 Be7 8. c4 Nbd7 9. Nc3 Qc7 10. b3 b6 11. Qd2 Bb7 12. Be2 Rc8 13. a4 0-0 14. Nc2 d5 15. exd5 exd5 16. 0-0 Rfe8 17. Nd4 Bd6 18. f4 Bc5 19. Bf3 dxc4 20. bxc4 Bxf3 21. gxf3 Qd6 22. Nce2 Rxe3 23. Qxe3 Re8 24. Qd2 Rxe2 25. Qxe2 Bxd4+ 26. Kh1 Bxa1 27. Rxa1 Qxf4 28. Rd1 h6 29. Kg2 Ne5 30. Rd8+ Kh7 31. Rc8 Ng6 32. Qd3 Ng4 0-1